143 (Record no. 87249)

MARC details
000 -LEADER
fixed length control field 00640cam a22002171 4500
001 - CONTROL NUMBER
control field sa 68016688
003 - CONTROL NUMBER IDENTIFIER
control field DLC
005 - DATE AND TIME OF LATEST TRANSACTION
control field 20260227112656.0
008 - FIXED-LENGTH DATA ELEMENTS--GENERAL INFORMATION
fixed length control field 720703s1964 xx 000 0 ind
010 ## - LIBRARY OF CONGRESS CONTROL NUMBER
LC control number sa 68016688
035 ## - SYSTEM CONTROL NUMBER
System control number (OCoLC)347170
040 ## - CATALOGING SOURCE
Original cataloging agency DLC
Transcribing agency OAU
Modifying agency DLC
042 ## - AUTHENTICATION CODE
Authentication code premarc
050 00 - LIBRARY OF CONGRESS CALL NUMBER
Classification number DS644
Item number .N3515
100 1# - MAIN ENTRY--PERSONAL NAME
Personal name Nasution, Harris Muda.
245 10 - TITLE STATEMENT
Title 143
Remainder of title [i. e. Seratus empatpuluh tiga] tanja-djawab TAVIP,
Statement of responsibility, etc. disusun oleh Harris Muda Nst.
260 ## - PUBLICATION, DISTRIBUTION, ETC.
Place of publication, distribution, etc. Medan,
Name of publisher, distributor, etc. Harris
Date of publication, distribution, etc. [1964?]
300 ## - PHYSICAL DESCRIPTION
Extent 55 p.
Other physical details port.
Dimensions 17 cm.
651 #0 - SUBJECT ADDED ENTRY--GEOGRAPHIC NAME
Geographic name Indonesia
General subdivision Politics and government
Chronological subdivision 1950-1966.
740 02 - ADDED ENTRY--UNCONTROLLED RELATED/ANALYTICAL TITLE
Uncontrolled related/analytical title Tanja-djawab TAVIP.

No items available.

Powered by Koha